00709nam a2200169Ia 4500008004100000020001500041040000800056050001300064100004100077245010000118250001200218260004700230300003900277504005200316505013000368650004100498121028s 1995mx a 000 0 spa d a9684398042 aUIN 4aB92bC43 aChávez Calderón, Pedroe , autor aConocimiento, ciencia y métodob: Métodos de Investigación 1c/ Pedro Chávez Calderón a1a. ed. aMéxicob: Publicaciones Culturalc, 1995 a130 pág.b ; il., blanco y negro aIncluye Referencias Bibliograficas. (p.129-130) a1.Métodos de Investigación. 2.Conocimiento. 3.Ciencia. 4. Investigación y su método 5. Proceso de la investigación 0aMETODOLOGÍA DE LA INVESTIGACIÓN